| 000 | 006380000a22002530004500 | ||
|---|---|---|---|
| 500 | _aBibliography: p.53-54 | ||
| 650 | _aTeaching | ||
| 650 | _aTeachers | ||
| 650 | _aEnglish language | ||
| 650 | _aCurriculum | ||
| 650 | _aTeachers guide | ||
| 650 | _aGrade ten | ||
| 082 |
_a371.1 _bSa67a _cD |
||
| 518 | _a2061-10-28 | ||
| 530 | _aDis | ||
| 100 | _aSapkota, Yadunath | ||
| 245 | _aThe attitude of teachers towards grade ten teachers guide | ||
| 260 | _aKathmandu, Nepal | ||
| 502 |
_aDissertation _bDegree in Education, Tribhuvan University |
||
| 260 | _c2004 | ||
| 300 | _avii,74p. | ||
| 041 | _aEng | ||
| 942 | _cGEN | ||
| 999 |
_c35846 _d35846 |
||